| 000 | 00588nam a2200193Ia 4500 | ||
|---|---|---|---|
| 003 | GCL | ||
| 008 | 140319s9999 xx 000 0 eng d | ||
| 020 | _a0847820866 | ||
| 040 |
_aGCL / _cGCL |
||
| 082 | 0 | 4 |
_a720.92 _bB J |
| 100 | 1 | _aBEDFORD, STEVEN MCLEOD | |
| 245 | 1 | 0 |
_aPOPE : _bARCHITECT OF EMPIRE / _cBEDFORD, STEVEN MCLEOD |
| 260 |
_aنيويورك : _bRIZZOLI ، _c1998 |
||
| 300 |
_a28 CM ؛ _c239 P |
||
| 650 | 0 | 4 | _aARCHITECTS - UNITED STATES - BIOGRAPHY |
| 650 | 0 | 4 | _aPOPE, JOHN RUSSELL, 1874 - 1937 |
| 650 | 0 | 4 | _aCLASSICISM IN ARCHITECTURE - UNITED STATES |
| 942 |
_2ddc _cBK |
||
| 999 |
_c1188 _d1188 |
||